<?xml version='1.0' encoding='UTF-8'?>
  <record xmlns="http://www.loc.gov/MARC21/slim">
    <leader>00000cam a22000007i 4500</leader>
    <controlfield tag="001">on1439101758</controlfield>
    <controlfield tag="003">OCoLC</controlfield>
    <controlfield tag="005">20251011222752.3</controlfield>
    <controlfield tag="008">240613s1579    gw            000 0 lat d</controlfield>
    <datafield tag="040" ind1=" " ind2=" ">
      <subfield code="a">QGJ</subfield>
      <subfield code="b">eng</subfield>
      <subfield code="e">rda</subfield>
      <subfield code="e">dcrmr</subfield>
      <subfield code="c">QGJ</subfield>
      <subfield code="d">QGJ</subfield>
      <subfield code="d">OCLCO</subfield>
      <subfield code="d">QGJ</subfield>
      <subfield code="d">OCLCQ</subfield>
      <subfield code="d">OCLCL</subfield>
      <subfield code="d">OCLCO</subfield>
    </datafield>
    <datafield tag="035" ind1=" " ind2=" ">
      <subfield code="a">(OCoLC)1439101758</subfield>
    </datafield>
    <datafield tag="041" ind1="1" ind2=" ">
      <subfield code="a">lat</subfield>
      <subfield code="a">fre</subfield>
      <subfield code="a">ger</subfield>
      <subfield code="h">ger</subfield>
    </datafield>
    <datafield tag="100" ind1="1" ind2=" ">
      <subfield code="a">Wimpheling, Johann,</subfield>
      <subfield code="d">1532 or 1533-1587,</subfield>
      <subfield code="e">author.</subfield>
      <subfield code="4">aut</subfield>
    </datafield>
    <datafield tag="240" ind1="1" ind2="0">
      <subfield code="a">Relation an die römische kaiserliche Majestät desjenigen, was zu Köln durch ihrer kaiserlichen Majetsät Kommissarien in der niedeländischen Friedenshandlung gepflogen im Jahr M.D.LXXIX.</subfield>
      <subfield code="l">Latin</subfield>
    </datafield>
    <datafield tag="245" ind1="1" ind2="0">
      <subfield code="a">Relatio ad Sacram Caesaream Maiestatem, eorum, quae per Suae Maiestatis commissarios in negotio Pacificationis Belgicae, Coloniae peracta sunt, anno M. D. LXXIX. /</subfield>
      <subfield code="c">Ex Germanico in Latinum sermonem traducta.</subfield>
    </datafield>
    <datafield tag="246" ind1="3" ind2=" ">
      <subfield code="a">Relatio ad Sacram Caesaream Maiestatem, eorvm, qvae per Svae Maiestatis commissarios in negotio Pacificationis Belgicae, Coloniae peracta sunt, anno 1579</subfield>
    </datafield>
    <datafield tag="264" ind1=" " ind2="1">
      <subfield code="a">Coloniae, :</subfield>
      <subfield code="b">Apud Ludouicum Alectorium, &amp; haeredes Iacobi Soteris.,</subfield>
      <subfield code="c">M.D.LXXIX. [1579]</subfield>
    </datafield>
    <datafield tag="300" ind1=" " ind2=" ">
      <subfield code="a">XXXIX [that is, 37], [1], CLXXVI pages ;</subfield>
      <subfield code="c">34 cm (folio)</subfield>
    </datafield>
    <datafield tag="336" ind1=" " ind2=" ">
      <subfield code="a">text</subfield>
      <subfield code="b">txt</subfield>
      <subfield code="2">rdacontent</subfield>
    </datafield>
    <datafield tag="337" ind1=" " ind2=" ">
      <subfield code="a">unmediated</subfield>
      <subfield code="b">n</subfield>
      <subfield code="2">rdamedia</subfield>
    </datafield>
    <datafield tag="338" ind1=" " ind2=" ">
      <subfield code="a">volume</subfield>
      <subfield code="b">nc</subfield>
      <subfield code="2">rdacarrier</subfield>
    </datafield>
    <datafield tag="340" ind1=" " ind2=" ">
      <subfield code="m">folio</subfield>
      <subfield code="2">rdabf</subfield>
    </datafield>
    <datafield tag="500" ind1=" " ind2=" ">
      <subfield code="a">Signatures: a-e⁴ A-Y⁴ (C2 missigned D3).</subfield>
    </datafield>
    <datafield tag="500" ind1=" " ind2=" ">
      <subfield code="a">With woodcut initials.</subfield>
    </datafield>
    <datafield tag="500" ind1=" " ind2=" ">
      <subfield code="a">Printer's device on title page.</subfield>
    </datafield>
    <datafield tag="500" ind1=" " ind2=" ">
      <subfield code="a">Author is Joannes Wimpheling (signed on recto of leaf e4); translator is Theodor Graminaeus of Roermond (mentioned on bottom of last page).</subfield>
    </datafield>
    <datafield tag="546" ind1=" " ind2=" ">
      <subfield code="a">Relation (1st sequence) in Latin; documents of the negotiation (2nd sequence) in French, German and Latin; German documents translated into Latin at end.</subfield>
    </datafield>
    <datafield tag="510" ind1="4" ind2=" ">
      <subfield code="a">Verzeichnis der im deutschen Sprachbereich erschienenen Drucke des 16. Jahrhunderts (VD 16),</subfield>
      <subfield code="c">R 1074</subfield>
      <subfield code="u">https://gateway-bayern.de/VD16+R+1074</subfield>
    </datafield>
    <datafield tag="510" ind1="4" ind2=" ">
      <subfield code="a">Petit, L.D. Bibliotheek van Nederlandsche pamfletten,</subfield>
      <subfield code="c">IV, 50</subfield>
    </datafield>
    <datafield tag="510" ind1="4" ind2=" ">
      <subfield code="a">Adams, H.M. Catalogue of books printed on the continent of Europe, 1501-1600, in Cambridge libraries,</subfield>
      <subfield code="c">B 474</subfield>
    </datafield>
    <datafield tag="510" ind1="4" ind2=" ">
      <subfield code="a">Vermaseren, B.A. De katholieke Nederlandsche geschiedschrijving in de XVIe en XVIIe eeuw over den opstand,</subfield>
      <subfield code="c">p. 43</subfield>
    </datafield>
    <datafield tag="510" ind1="4" ind2=" ">
      <subfield code="a">Rijksuniversiteit te Utrecht. Pamfletten niet voorkomende in afzonderlijk gedrukte catalogi der verzamelingen in andere openbare Nederlandsche bibliotheken,</subfield>
      <subfield code="c">78</subfield>
    </datafield>
    <datafield tag="510" ind1="4" ind2=" ">
      <subfield code="a">Machiels, J. Catalogus van de boeken gedrukt vóór 1600 aanwezig op de Centrale Bibliotheek van de Rijksuniversiteit Gent,</subfield>
      <subfield code="c">N 246</subfield>
    </datafield>
    <datafield tag="651" ind1=" " ind2="0">
      <subfield code="a">Belgium</subfield>
      <subfield code="x">History</subfield>
      <subfield code="y">1555-1648</subfield>
      <subfield code="v">Sources.</subfield>
    </datafield>
    <datafield tag="651" ind1=" " ind2="0">
      <subfield code="a">Netherlands</subfield>
      <subfield code="x">History</subfield>
      <subfield code="y">Eighty Years' War, 1568-1648</subfield>
      <subfield code="v">Sources.</subfield>
    </datafield>
    <datafield tag="651" ind1=" " ind2="0">
      <subfield code="a">Holy Roman Empire</subfield>
      <subfield code="x">History</subfield>
      <subfield code="y">1517-1648</subfield>
      <subfield code="v">Sources.</subfield>
    </datafield>
    <datafield tag="651" ind1=" " ind2="6">
      <subfield code="a">Belgique</subfield>
      <subfield code="x">Histoire</subfield>
      <subfield code="y">1555-1648</subfield>
      <subfield code="v">Sources.</subfield>
    </datafield>
    <datafield tag="651" ind1=" " ind2="6">
      <subfield code="a">Pays-Bas</subfield>
      <subfield code="x">Histoire</subfield>
      <subfield code="y">1568-1648 (Guerre de Quatre-Vingts Ans)</subfield>
      <subfield code="v">Sources.</subfield>
    </datafield>
    <datafield tag="651" ind1=" " ind2="6">
      <subfield code="a">Saint Empire romain germanique</subfield>
      <subfield code="x">Histoire</subfield>
      <subfield code="y">1517-1648</subfield>
      <subfield code="v">Sources.</subfield>
    </datafield>
    <datafield tag="700" ind1="1" ind2=" ">
      <subfield code="a">Graminaeus, Theodor,</subfield>
      <subfield code="d">approximately 1530-</subfield>
      <subfield code="e">translator.</subfield>
      <subfield code="4">trl</subfield>
      <subfield code="1">https://id.oclc.org/worldcat/entity/E39PBJvRRQVdcDKT4vVmX3VBfq</subfield>
    </datafield>
    <datafield tag="700" ind1="1" ind2=" ">
      <subfield code="a">Alectorius, Ludwig,</subfield>
      <subfield code="d">active 1575-1586,</subfield>
      <subfield code="e">printer.</subfield>
      <subfield code="4">prt</subfield>
      <subfield code="1">https://id.oclc.org/worldcat/entity/E39PCjx639dFybT4gvrBGpkmBd</subfield>
    </datafield>
    <datafield tag="710" ind1="2" ind2=" ">
      <subfield code="a">Haeredes Jacobi Soteris,</subfield>
      <subfield code="e">printer.</subfield>
      <subfield code="4">prt</subfield>
      <subfield code="1">https://id.oclc.org/worldcat/entity/E39QH7JmtgH89HQkKjBDJj3QY6</subfield>
    </datafield>
    <datafield tag="752" ind1=" " ind2=" ">
      <subfield code="a">Germany</subfield>
      <subfield code="d">Cologne,</subfield>
      <subfield code="e">publication place.</subfield>
      <subfield code="4">pup</subfield>
    </datafield>
  </record>